¿Berenice, donde estás?
Bewaard in:
| Hoofdauteur: | |
|---|---|
| Formaat: | Boek |
| Gepubliceerd in: |
Valparaíso, Chile:
Ediciones Universitarias de Valparaíso,
2022.
|
| Onderwerpen: | |
| Tags: |
Voeg label toe
Geen labels, Wees de eerste die dit record labelt!
|
MARC
| LEADER | 00000nam a22000007a 4500 | ||
|---|---|---|---|
| 003 | CL-VaPUC | ||
| 005 | 20230807100914.0 | ||
| 008 | 230724t2022 ||||| |||| 00| 0 eng d | ||
| 999 | |c 441398 |d 441396 | ||
| 020 | |a 978-956-17-1004-7 | ||
| 040 | |c Pontificia Universidad Católica de Valparaíso | ||
| 082 | 0 | 4 | |2 22 |a Ch863 ROJ 2022 |
| 100 | 1 | |a Rojas Camus, Elba |9 489881 |e autora | |
| 245 | 1 | 0 | |a ¿Berenice, donde estás? |
| 260 | |a Valparaíso, Chile: |b Ediciones Universitarias de Valparaíso, |c 2022. | ||
| 300 | |a 182 páginas. | ||
| 500 | |a c.1 Donación EUV 18-7-23 | ||
| 583 | |c 20230724 |k Catalogador Asistente | ||
| 650 | 1 | |a Novelas chilenas |9 265425 | |
| 650 | 1 | |a Literatura chilena |9 883920 | |
| 942 | |2 ddc |c BK | ||
| 952 | |0 0 |1 0 |2 ddc |4 0 |6 CH_863_000000000000000_ROJ_2022 |7 0 |8 A |9 590935 |a BIBEDU |b BIBEDU |c GEN |d 2023-07-24 |e Donación |i 5658114 |o Ch863 ROJ 2022 |p 5658114 |r 2023-07-24 |t 1 |w 2023-07-24 |y BK |k LIT | ||